Normal view
MARC view
- Metcalfe, Sheldon
Entry Personal Name
001 - CONTROL NUMBER
- control field: 133892
003 - CONTROL NUMBER IDENTIFIER
- control field: NUST
005 - DATE AND TIME OF LATEST TRANSACTION
- control field: 20260406160725.0
008 - FIXED-LENGTH DATA ELEMENTS
- fixed length control field: 260406|| aca||aabn | a|a d
040 ## - CATALOGING SOURCE
- Original cataloging agency: NUST
- Transcribing agency: NUST
100 ## - HEADING--PERSONAL NAME
- Personal name: Metcalfe, Sheldon
670 ## - SOURCE DATA FOUND
- Source citation: Work cat.: (NUST): Metcalfe, Sheldon., Building Foundations for Communication and Building a Speech /, 2009.
